00544nam a2200157 i 4500001000300000100002700003245009500030260002100125040000800146041000800154942000700162008004100169999001700210856009800227952006100325bg1 aOBRĘBSKI, Jan Bogdan 0aAnaliza i synteza numeryczna wielkich układów konstrukcyjnych /cJan Bogdan Obrębski. aWarszawa,c1979. cBPK apol cKS s pl f |000 0 pol  c21302d21302 uhttp://koha.tu.koszalin.pl/cgi-bin/koha/opac-detail.pl?biblionumber=21302yKatalog online BPK 00104070aBPKbBPKcwo29898p01602449s2014-01-11yKS